El Estado absolutista.

محفوظ في:
التفاصيل البيبلوغرافية
المؤلف الرئيسي: Anderson, Perry
التنسيق: كتاب
اللغة:الإسبانية
منشور في: Ciudad de México, México Siglo Veintuno 1992
الطبعة:Décima segunda edición
الموضوعات:
الوسوم: إضافة وسم
لا توجد وسوم, كن أول من يضع وسما على هذه التسجيلة!

MARC

LEADER 00000nam a2200000 a 4500
001 UCU6924
003 CL-VaPUC
005 20210813001812.0
008 960628e19920000MX |||||||||||||||||spa|d
999 |c 249656  |d 249654 
040 |c Pontificia Universidad Católica de Valparaíso 
082 0 4 |a 940.14 AND 1992  |2 21 
100 0 |a Anderson, Perry  |9 365293 
245 1 3 |a El Estado absolutista. 
250 |a Décima segunda edición 
260 0 3 |a Ciudad de México, México  |b Siglo Veintuno   |c 1992 
300 |a 592 páginas. 
583 |a last modification  |c 19960628 00:00:00  |k Rodrigo Vera 
650 7 |a FEUDALISMO EUROPEO  |2 CL-VaPUC  |9 365294 
650 0 |a Historia medieval   |9 258042 
650 0 |a Absolutismo  |9 257456 
650 0 |a Edad media  |9 258041 
650 0 |a Monarquía   |9 255259 
651 0 |a Europa  |9 255156 
942 |c BK  |2 ddc 
945 |d 19960628 00:00:00  |a rbrito 
952 |0 0  |1 0  |2 ddc  |4 0  |6 940_140000000000000_AND_1992  |7 0  |8 A  |9 267065  |a BIBHIS  |b BIBHIS  |d 2019-11-19  |i 3208362  |l 1  |o 940.14 AND 1992  |p 3208362  |r 2025-01-20  |s 2022-04-06  |t 1  |w 2019-11-19  |y BK  |k HIS